| 000 | 00809nam a2200265 i 4500 | ||
|---|---|---|---|
| 001 | 11231 | ||
| 003 | ES-MaACL | ||
| 005 | 20250728100639.0 | ||
| 007 | t| | ||
| 008 | 960325s1995 sp ||||1| spa d | ||
| 020 | _a84-233-2589-X | ||
| 080 | _a141.332(091) | ||
| 100 | 1 |
_aWashington, Peter. _9116148 |
|
| 245 | 1 | 3 |
_aEl Mandril de Madame Blavatsky _b: historia de la teosofía y del gurú occidental / _cPeter Washington. |
| 250 | _a1ª ed. | ||
| 260 |
_aBarcelona : _bDestino, _c1995. |
||
| 300 |
_a448 p., [16] p. de lám. ; _c23 cm. |
||
| 490 | 1 |
_aOráculo manual ; _v2 |
|
| 500 | _aIndices. | ||
| 504 | _aBibliografía : p. 419-429. | ||
| 650 | 7 |
_aTeosofía _2embne _917478 |
|
| 830 | 0 |
_aOráculo manual ; _v2 _9228184 |
|
| 852 |
_aES-MaACL _jL-18626 _bR.124874 |
||
| 999 |
_c11231 _d11231 |
||